| 000 | 00385nam a22001457a 4500 | ||
|---|---|---|---|
| 005 | 20260318130230.0 | ||
| 020 | _a9789360619411 | ||
| 082 |
_a519.92 _bFRA.L |
||
| 100 |
_aFrank Robinson _912078 |
||
| 245 |
_aLinear Programming: _bmethods and applications _cFrank Robinson |
||
| 260 |
_aNew Delhi _bPinakin _c2026 |
||
| 300 | _a270p. | ||
| 650 | _aLinear Programming | ||
| 942 |
_2ddc _cBK |
||
| 999 |
_c757840 _d757840 |
||